| 000 | 00599nam a22002051 4500 | ||
|---|---|---|---|
| 001 | 105166 | ||
| 003 | ES-MaACL | ||
| 005 | 20230906183813.0 | ||
| 007 | t| | ||
| 008 | 060615s1964 sp ||||0| spa d | ||
| 016 | 7 | _zIND9200523417 | |
| 040 |
_aM-BN _bspa _cA2 |
||
| 080 | _a378.4(46)(04) | ||
| 100 | 1 |
_aLópez Medel, Jesús. _973768 |
|
| 245 | 1 | 0 |
_aEducación, universidad y profesión / _cJesús López Medel. |
| 260 |
_aMadrid : _b[s.n.], _c1964 ( _fBolaños y Aguilar) |
||
| 300 |
_a196 p ; _c22 cm. |
||
| 650 | 1 | 4 |
_aUniversidades- _zEspaña. _917685 |
| 852 |
_aES-MaACL _jC-27650 _bR.56838 |
||
| 999 |
_c105166 _d105166 |
||